Hướng dẫn sử dụng Microsof + Visio
Nội dung trình bày gồm 11 chương: Phần mở đầu; Bản vẻ Visio; Dạng hình; Hiệu chỉnh và định dạng dạng hình; Kết nối dạng hình; Sử dụng và hiệu chỉnh văn bản; Sử dụng lớp (layer); Công cụ vẽ dạng hình; Sử dụng bản vẽ chuẩn của Microsoft Visio...
Đã lưu trong:
| Tác giả chính: | |
|---|---|
| Định dạng: | Sách |
| Năm xuất bản: |
Tp.HCM
NXB Tổng hợp
2005
|
| Chủ đề: | |
| Tags: |
Thêm thẻ
Không có thẻ, Hãy là người đầu tiên gắn thẻ bản ghi này!
|
| LEADER | 01326nam a2200193 4500 | ||
|---|---|---|---|
| 082 | |a 005.5 |b PH105NH | ||
| 100 | |a Phan Nhật Uyên | ||
| 245 | |a Hướng dẫn sử dụng Microsof + Visio |c Phan Nhật Uyên | ||
| 260 | |a Tp.HCM |b NXB Tổng hợp |c 2005 | ||
| 300 | |a 271tr. |c 24cm | ||
| 520 | |a Nội dung trình bày gồm 11 chương: Phần mở đầu; Bản vẻ Visio; Dạng hình; Hiệu chỉnh và định dạng dạng hình; Kết nối dạng hình; Sử dụng và hiệu chỉnh văn bản; Sử dụng lớp (layer); Công cụ vẽ dạng hình; Sử dụng bản vẽ chuẩn của Microsoft Visio | ||
| 653 | |a Tin học | ||
| 653 | |a Visio | ||
| 942 | |2 ddc |c STK0 | ||
| 999 | |c 10539 |d 10539 | ||
| 952 | |0 0 |1 0 |2 ddc |4 0 |6 005_500000000000000_PH105NH |7 0 |8 000 |9 82704 |a qbu |b qbu |c D2 |d 2015-08-12 |g 33000 |o 005.5 PH105NH |p 7353.c1 |r 0000-00-00 |w 2015-08-12 |y STK0 | ||
| 952 | |0 0 |1 0 |2 ddc |4 0 |6 005_500000000000000_PH105NH |7 0 |8 000 |9 82705 |a qbu |b qbu |c D2 |d 2015-08-12 |g 33000 |o 005.5 PH105NH |p 7353.c2 |r 0000-00-00 |w 2015-08-12 |y STK0 | ||
| 952 | |0 0 |1 0 |2 ddc |4 0 |6 005_500000000000000_PH105NH |7 0 |8 000 |9 82706 |a qbu |b qbu |c D2 |d 2015-08-12 |g 33000 |o 005.5 PH105NH |p 7353.c3 |r 0000-00-00 |w 2015-08-12 |y STK0 | ||
| 952 | |0 0 |1 0 |2 ddc |4 0 |6 005_500000000000000_PH105NH |7 0 |8 000 |9 82707 |a qbu |b qbu |c D2 |d 2015-08-12 |g 33000 |o 005.5 PH105NH |p 7353.c4 |r 0000-00-00 |w 2015-08-12 |y STK0 | ||